Billie Eilish - Happier Than Ever - Statistics

General Stats
  • This quiz has been taken 62 times
  • The average score is 13 of 16
Answer Stats
2021 Happier Than Ever % Correct
15 Happier Than Ever
100%
4 my future
86%
13 NDA
86%
14 Therefore I Am
84%
2 I Didn't Change My Number
82%
12 Your Power
82%
3 Billie Bossa Nova
80%
6 GOLDWING
80%
7 Lost Cause
80%
5 Oxytocin
80%
10 OverHeated
78%
1 Getting Older
76%
11 Everybody Dies
73%
16 Male Fantasy
73%
8 Halley's Comet
65%
9 Not My Responsibility
63%
No matching quizzes found
Score Distribution
Percent of People with Each Score
Percentile by Number Answered
Your Score History
You have not taken this quiz